000 00767nam a2200217Ia 4500
999 _c59628
_d59628
003 GCL
005 20240530110310.0
008 140319s1992 le 000 0 ara d
040 _aGCL /
_cGCL
082 0 4 _a920/
_bس م
100 0 _aسمير ابوحمدان
245 1 0 _aالامام محمد عبده :
_bجدلية العقل و النهضة /
_cسمير ابوحمدان
260 _aبيروت :
_bالشركة العالمية للكتاب ش م ل ،
_c1992
300 _a166 ص ؛
_c20 سم
490 0 _aموسوعة عصر النهضة ؛
_v3
650 0 4 _aجمال الدين الافغانى
650 0 4 _aمحمد عبده (الامام)
650 0 4 _aمحمد عبدالوهاب
650 0 4 _aالرجال - تراجم
942 _2ddc
_cREF